000 00536nam a2200181Ia 4500
008 090123s9999 xx 000 0 und d
082 _b3674
100 _aजोशी प्र.न.
245 _aजुने दोरे नवे धागे
250 _a1
260 _c1974
300 _a176
600 _aजोशी प्र.न.
630 _aजुने दोरे नवे धागे
700 _aजोशी प्र.न.
730 _aजुने दोरे नवे धागे
942 _cBOOK
999 _c41753
_d41753